La centralidad del trabajo hoy /

Salvato in:
Dettagli Bibliografici
Autore principale: Antunes, Ricardo
Natura: testo
Tags: Aggiungi Tag
Nessun Tag, puoi essere il primo ad aggiungerne!!

MARC

LEADER 00000 a a2200000 04500
001 44957
003
040
100 |a Antunes, Ricardo  
245 |a La centralidad del trabajo hoy /  |c Ricardo Antunes  
773 |g volumen6, número25 (julio-setiembre, 2000), páginas 83-96  
999 |c 32761  |d 32761